Prénoms féminins les plus populaires en J - Statistiques

Statistiques générales
  • Ce quiz a été pris 672 fois
  • Le résultat moyen est 12 sur 25
Statistiques - réponses
Hint Réponse % Correct
Ju Julie
100%
Ju Juliette
87%
Je Jeanne
83%
Ja Jade
76%
Ju Julia
76%
Ju Justine
75%
Ja Jasmine
58%
Jo Joséphine
55%
Jo Josiane
48%
Ja Jacqueline
47%
Je Jeannine
45%
Jo Joelle
44%
Je Jeannette
41%
Jo Johanna
41%
Jo Josette
41%
Je Jennifer
39%
Ju Judith
39%
Je Jessica
35%
Jo Jocelyne
35%
Jo Josée
33%
Je Jenny
31%
Ju Julienne
31%
Jo Joy
28%
Je Jessy
18%
Jo Joyce
15%
Aucun quiz correspondant
Distribution des résultats
% des personnes avec chaque résultat
Percentile par nombre de réponses
Votre historique - résultats
Vous n’avez pas pris ce quiz